000 00803cam a2200253 a 4500
020 _a9781437726800 (hardcover : alk. paper)
020 _a1437726801 (hardcover : alk. paper)
040 _cDLC
082 0 0 _a636 SAU 2014 A083 Or.
245 0 0 _aMcCurnin's clinical textbook for veterinary technicians /
246 1 _aClinical textbook for veterinary technicians
250 _a8th ed.
260 _aSt. Louis, Mo. :
_bSaunders/Elsevier,
_cc2014.
300 _axvii, 1477 p. :
_bill. (chiefly col.) ;
_c29 cm.
650 0 _aVeterinary medicine.
650 0 _aVeterinary nursing.
650 1 2 _aVeterinary Medicine.
650 2 2 _aAnimal Diseases
650 2 2 _aAnimal Technicians.
700 1 _aBassert, Joanna M.
700 1 _aThomas, John A.
700 1 _aMcCurnin, Dennis M.
942 _cEK
999 _c16077
_d16077